000 00958nam a2200253 a 4500
001 49026
003 BD-RjUL
005 20211209054626.0
008 160817s1988 bg a|||| |||| 00| 0 ben d
020 _c: Tk. 30.00
035 _a(BD-RjUL) 49145
040 _aBD-RjUL
_bben
_cBD-RjUL
041 _aben
082 _223
_a531.14
_bGAA 1988
100 1 _aগ্যামাও, জর্জ
_9147543
245 1 0 _aঅভিকর্ষ /
_cজর্জ গ্যামাও ; মোঃ তোফাজ্জল সরকার অনূদিত
260 _aঢাকা :
_bবাংলা একাডেমী,
_c১৯৮৮
300 _a৯৪ পৃ. :
_bচিত্র ;
_c২১ সেমি.
500 _aপরিভাষা সংযুক্ত
650 _aঅভিকর্ষ
_9147544
650 _aGravity
_9147545
700 _aসরকার, মোঃ তোফাজ্জল, অনূদিত
_9147546
942 _2ddc
_cBK
999 _c49026
_d49026